000 01056nam a22003737a 4500
001 BR0303943
003 BR-BrBNA
005 20230928101352.0
007 ta
008 230509b bl.||||| |||| 00| 0 por d
040 _aBR-BrBNA
_bpor
_cBiblioteca Nacional de Agricultura
041 _a(Por)
072 _aM11; M12
090 _ M11 BR0303943
100 1 _aFreitas, A.
110 1 _aSuperintendência do Desenvolvimento da Amazônia, Belém, PA (Brasil)
245 1 _aUma estratégia para o desenvolvimento da pesca na Amazônia Ocidental
250 1 _a2. ed.
260 3 _aBelém, PA (Brasil):
_c1999.
300 _a78 p.
500 _a17 ref.; 35 illus.; 13 tables
650 _aPESCA
650 _aDESENVOLVIMENTO PESQUEIRO
650 _aPESCA ARTESANAL
650 _aOPERAÇÃO PESQUEIRA
650 _aPRODUÇÃO PESQUEIRA
650 _aRECURSO PESQUEIRO
650 _aMÉTODO DE PESCA
650 _aIMPOSTO PESQUEIRO
650 _aPARÁ
650 _aAMAZÔNAS
909 _a202309
_bLucia
_c55
_dLucia Elande
942 _cBK
999 _c65479
_d65479